000 00553nam a2200205Ia 4500
005 20250923144742.0
008 008 250917s9999 xx 000 0 eng d
037 _aTextual
040 _aDSWL
_beng
_cDSWL
041 _aeng
_2eng
084 _qDSWL
100 _aDesai, K.S.
_9828040
245 0 _aProblems of administration in two Indian village
_cby K.S. Desai
260 _aBaroda
_bDepartmentof Political Sc
_c1961
300 _ax,388p.
365 _aINR
_b10
925 _g10
942 _cTEXL
999 _c1442914
_d1442914